000 01009cam a2200289 a 4500
001 77972
003 BD-RjUL
005 20211209083055.0
008 210223s20062007le a b 000 1 ara d
020 _a9773820890
035 _a(BD-RjUL)78198
040 _dUkOxU
_aBD-RjUL
_beng
_cBD-RjUL
041 _aara
066 _c(3
082 _223
_a891.7834
100 _aمقفع, عبد الله بن ;; Muqaffa, Abdullah bin
_9245145
130 0 _6880-01
_aKalīlah wa-Dimnah.
_9245146
245 1 0 _6880-02
_aكليلة ودمنة ;; Kalīlah wa-Dimnah /
_cبيدبا الفيلسوف الهندي ;; Bidaba al faylasuf al Hindiu ; عبد الله بن مقفع Abdullah bin Muqaffa
250 _aal-Ṭabʿah 2.
260 _aBayrūt :
_bDār al-Āfāq,
_c2007
300 _a127, 466 p. :
_bill. ;
_c25 cm.
500 _aIn Arabic.
504 _aIncludes Bibliographical references.
650 _aFables, Arabian
_9245147
700 _aمقفع, عبد الله بن
_9245187
942 _2ddc
_cBK
999 _c77972
_d77972